000 00507nam a2200181Ia 4500
005 20250326124149.0
008 250326s9999 xx 000 0 und d
037 _aTextbook
040 _aFMSL
_beng
_cFMSL
041 _aeng
_2eng
084 _aX65:326 L3
_qFMSL
100 _aPadikar D H Pai
_9736902
245 0 _aInterest rates and flow of funds
_cPadikar D H Pai
260 _aIndia
_bIndia, Macmillan
_c1973
300 _a179p
942 _cTB
_hX65:326 L3
999 _c1272552
_d1272552